Faktory dezinvestícií: stručný prehľad

Odchod investora z hostiteľskej krajiny (dezinvestícia) a prehľad literatúry na túto tému. Makroekonomické determinanty podnecujúce presun investícií do iných krajín. Vývoj dezinvestícií v krajinách OECD.

Guardado en:
Detalles Bibliográficos
Autor principal: Darmo, Ľubomír, 1984-
Formato: Capítulo de libro
Lenguaje:eslovaco
Materias:
Etiquetas: Agregar Etiqueta
Sin Etiquetas, Sea el primero en etiquetar este registro!

MARC

LEADER 00000nla$a2200000$$$4500
001 0246978
005 20240604111155.7
041 0 |a slo 
044 |a CZ 
245 1 0 |a Faktory dezinvestícií: stručný prehľad  |c Ľubomír Darmo 
520 |a Odchod investora z hostiteľskej krajiny (dezinvestícia) a prehľad literatúry na túto tému. Makroekonomické determinanty podnecujúce presun investícií do iných krajín. Vývoj dezinvestícií v krajinách OECD. 
610 2 0 |a investície priame zahraničné 
610 2 0 |a investície 
610 2 0 |a makroekonomika 
610 2 0 |a OECD 
100 1 |a Darmo, Ľubomír, 1984-